EFL Championship Top 6 - Statistics

General Stats
  • This quiz has been taken 211 times
    64 since last reset
  • The average score is 33 of 36
Answer Stats
Answer % Correct
Leeds United
98%
Leicester City
98%
Norwich City
98%
Sunderland
98%
West Ham United
98%
Fulham
97%
AFC Bournemouth
95%
Burnley
95%
Newcastle United
95%
Sheffield United
95%
Southampton
95%
Aston Villa
93%
Crystal Palace
93%
Luton Town
93%
Queens Park Rangers
93%
Sheffield Wednesday
93%
West Bromwich Albion
93%
Birmingham City
92%
Brentford
92%
Brighton and Hove Albion
92%
Ipswich Town
92%
Swansea City
92%
Wolverhampton Wanderers
92%
Cardiff City
90%
Hull City
90%
Middlesbrough
90%
Nottingham Forest
90%
Reading
90%
Coventry City
88%
Derby County
88%
Huddersfield Town
86%
Bristol City
85%
Watford
83%
Barnsley
78%
Blackpool
71%
Wigan Athletic
69%
No matching quizzes found
Score Distribution
Percent of People with Each Score
Percentile by Number Answered
Your Score History
You have not taken this quiz since the last reset